[Event "DEM U18w 2019"]
[Site "Willingen GER"]
[Date "2019.06.09"]
[Round "2"]
[White "Könze, Heike"]
[Black "Peters, Jenna Maria Lara"]
[Result "1-0"]
[Termination "normal"]
[Board "8"]
[WhiteElo "1919"]
[BlackElo "1594"]
[WhiteClock "01:15:05"]
[BlackClock "01:28:20"]
[PlyCount "39"]
[WhiteFideId "12964476"]
[BlackFideId "16205464"]
[EventCountry "GER"]
[EventRounds "9"]
[EventType "swiss"]
[EventDate "2019.06.08"]

1. e4 {[%clk 1:30:56]} 1... e5 {[%clk 1:30:55]} 2. Nf3 {[%clk 1:31:16]} 2...
Nc6 {[%clk 1:31:18]} 3. d4 {[%clk 1:31:40]} 3... exd4 {[%clk 1:31:41]} 4. Nxd4
{[%clk 1:32:04]} 4... Bc5 {[%clk 1:32:02]} 5. Nb3 {[%clk 1:32:25]} 5... Bb6 {
[%clk 1:32:18]} 6. Nc3 {[%clk 1:32:46]} 6... Nf6 {[%clk 1:32:35]} 7. Bg5 {
[%clk 1:33:02]} 7... h6 {[%clk 1:32:50]} 8. Bh4 {[%clk 1:33:15]} 8... d6 {
[%clk 1:33:07]} 9. Bb5 {[%clk 1:33:01]} 9... g5 {[%clk 1:31:20]} 10. Bg3 {
[%clk 1:33:04]} 10... Be6 {[%clk 1:31:33]} 11. Qe2 {[%clk 1:31:36]} 11... Qe7 {
[%clk 1:30:46]} 12. O-O-O {[%clk 1:30:38]} 12... O-O-O {[%clk 1:30:10]} 13.
Bxc6 {[%clk 1:28:46]} 13... bxc6 {[%clk 1:30:26]} 14. Qa6+ {[%clk 1:28:55]}
14... Kd7 {[%clk 1:29:10]} 15. e5 {[%clk 1:27:48]} 15... Nd5 {[%clk 1:28:16]}
16. Nxd5 {[%clk 1:27:38]} 16... Bxd5 {[%clk 1:28:24]} 17. exd6 {[%clk 1:27:58]}
17... cxd6 {[%clk 1:28:38]} 18. Rhe1 {[%clk 1:28:09]} 18... Qf6 {[%clk 1:28:06]
} 19. Qb7+ {[%clk 1:14:45]} 19... Bc7 {[%clk 1:28:20]} 20. Nc5+ {[%clk 1:15:05]
} 1-0

[Event "DEM U18w 2019"]
[Site "Willingen GER"]
[Date "2019.06.09"]
[Round "2"]
[White "Fuchs, Emily"]
[Black "Fock, Sana"]
[Result "1/2-1/2"]
[Termination "normal"]
[Board "9"]
[WhiteElo "1384"]
[BlackElo "1796"]
[WhiteClock "01:01:44"]
[BlackClock "00:44:40"]
[PlyCount "42"]
[WhiteFideId "16208986"]
[BlackFideId "12981966"]
[EventCountry "GER"]
[EventRounds "9"]
[EventType "swiss"]
[EventDate "2019.06.08"]

1. e4 {[%clk 1:30:57]} 1... c5 {[%clk 1:30:56]} 2. d4 {[%clk 1:31:22]} 2...
cxd4 {[%clk 1:31:18]} 3. c3 {[%clk 1:31:42]} 3... Nf6 {[%clk 1:30:52]} 4. e5 {
[%clk 1:32:01]} 4... Nd5 {[%clk 1:31:17]} 5. Nf3 {[%clk 1:31:53]} 5... d6 {
[%clk 1:30:36]} 6. cxd4 {[%clk 1:30:37]} 6... Nc6 {[%clk 1:29:50]} 7. Nc3 {
[%clk 1:26:29]} 7... dxe5 {[%clk 1:20:10]} 8. Nxe5 {[%clk 1:18:35]} 8... Nxc3 {
[%clk 1:16:04]} 9. Nxc6 {[%clk 1:16:13]} 9... Nxd1 {[%clk 1:14:09]} 10. Nxd8 {
[%clk 1:16:15]} 10... Kxd8 {[%clk 1:10:52]} 11. Kxd1 {[%clk 1:15:02]} 11... Bf5
{[%clk 1:04:35]} 12. Bf4 {[%clk 1:13:14]} 12... Rc8 {[%clk 1:03:34]} 13. Rc1 {
[%clk 1:12:36]} 13... Rxc1+ {[%clk 1:00:06]} 14. Kxc1 {[%clk 1:10:21]} 14... a6
{[%clk 0:55:40]} 15. a3 {[%clk 1:07:12]} 15... Be6 {[%clk 0:53:20]} 16. Bd3 {
[%clk 1:04:32]} 16... Bd5 {[%clk 0:46:42]} 17. f3 {[%clk 1:03:19]} 17... e6 {
[%clk 0:45:30]} 18. Be4 {[%clk 1:02:37]} 18... Kd7 {[%clk 0:44:35]} 19. Bxd5 {
[%clk 1:02:15]} 19... exd5 {[%clk 0:44:57]} 20. Kd2 {[%clk 1:02:06]} 20... Bd6
{[%clk 0:44:40]} 21. Bxd6 {[%clk 1:01:44]} 21... Kxd6 1/2-1/2

[Event "DEM U18w 2019"]
[Site "Willingen GER"]
[Date "2019.06.09"]
[Round "2"]
[White "Schiewe, Nadin"]
[Black "Alferova, Ekaterina"]
[Result "0-1"]
[Termination "normal"]
[Board "10"]
[WhiteElo "1608"]
[BlackElo "1597"]
[WhiteClock "00:25:42"]
[BlackClock "00:06:51"]
[PlyCount "110"]
[WhiteFideId "16209079"]
[BlackFideId "16217250"]
[EventCountry "GER"]
[EventRounds "9"]
[EventType "swiss"]
[EventDate "2019.06.08"]

1. e4 {[%clk 1:30:56]} 1... c6 {[%clk 1:30:52]} 2. d4 {[%clk 1:31:16]} 2... d5
{[%clk 1:31:14]} 3. exd5 {[%clk 1:31:37]} 3... cxd5 {[%clk 1:31:38]} 4. Bd3 {
[%clk 1:31:44]} 4... Nc6 {[%clk 1:31:59]} 5. c3 {[%clk 1:31:56]} 5... Qc7 {
[%clk 1:31:29]} 6. Ne2 {[%clk 1:29:47]} 6... Bg4 {[%clk 1:30:08]} 7. Qb3 {
[%clk 1:27:00]} 7... Bxe2 {[%clk 1:29:08]} 8. Bxe2 {[%clk 1:27:12]} 8... Nxd4 {
[%clk 1:16:48]} 9. Qa4+ {[%clk 1:15:35]} 9... Nc6 {[%clk 1:16:14]} 10. Nd2 {
[%clk 1:14:52]} 10... e6 {[%clk 1:12:57]} 11. Nf3 {[%clk 1:07:32]} 11... Nf6 {
[%clk 1:04:04]} 12. Bd3 {[%clk 1:03:07]} 12... Bd6 {[%clk 1:01:34]} 13. O-O {
[%clk 0:57:55]} 13... Rc8 {[%clk 0:45:28]} 14. Re1 {[%clk 0:54:38]} 14... h6 {
[%clk 0:42:40]} 15. Be3 {[%clk 0:50:36]} 15... a6 {[%clk 0:33:03]} 16. Bd4 {
[%clk 0:46:45]} 16... Be7 {[%clk 0:31:35]} 17. Ne5 {[%clk 0:40:28]} 17... O-O {
[%clk 0:29:03]} 18. Nxc6 {[%clk 0:38:44]} 18... Qxc6 {[%clk 0:29:20]} 19. Qxc6
{[%clk 0:38:38]} 19... Rxc6 {[%clk 0:29:36]} 20. Bxf6 {[%clk 0:37:27]} 20...
Bxf6 {[%clk 0:29:59]} 21. Rac1 {[%clk 0:36:45]} 21... Rfc8 {[%clk 0:30:04]} 22.
f4 {[%clk 0:35:19]} 22... b5 {[%clk 0:25:30]} 23. Rb1 {[%clk 0:21:36]} 23...
Rd6 {[%clk 0:20:07]} 24. Red1 {[%clk 0:18:38]} 24... Kf8 {[%clk 0:18:04]} 25.
Kf2 {[%clk 0:17:13]} 25... d4 {[%clk 0:17:06]} 26. cxd4 {[%clk 0:17:07]} 26...
Rxd4 {[%clk 0:16:36]} 27. g3 {[%clk 0:14:31]} 27... Rcd8 {[%clk 0:08:51]} 28.
Ke2 {[%clk 0:12:44]} 28... e5 {[%clk 0:06:55]} 29. fxe5 {[%clk 0:11:47]} 29...
Bxe5 {[%clk 0:07:20]} 30. a3 {[%clk 0:11:57]} 30... h5 {[%clk 0:07:11]} 31. Bc2
{[%clk 0:05:46]} 31... Rxd1 {[%clk 0:06:28]} 32. Bxd1 {[%clk 0:06:11]} 32...
Rd4 {[%clk 0:05:49]} 33. b4 {[%clk 0:05:58]} 33... h4 {[%clk 0:04:50]} 34. Rb3
{[%clk 0:05:18]} 34... hxg3 {[%clk 0:03:48]} 35. hxg3 {[%clk 0:05:42]} 35...
Rc4 {[%clk 0:03:00]} 36. Kf2 {[%clk 0:03:21]} 36... Ke7 {[%clk 0:01:14]} 37. g4
{[%clk 0:03:25]} 37... Kf6 {[%clk 0:01:24]} 38. Rf3+ {[%clk 0:03:02]} 38... Rf4
{[%clk 0:01:02]} 39. Bc2 {[%clk 0:02:19]} 39... Kg5 40. Rxf4 {[%clk 0:02:21]}
40... Kxf4 {[%clk 0:01:16]} 41. Bf5 {[%clk 0:02:44]} 41... Bb2 {[%clk 0:00:31]}
42. Bc8 {[%clk 0:01:55]} 42... Bxa3 {[%clk 0:00:38]} 43. Bxa6 {[%clk 0:02:01]}
43... Bxb4 {[%clk 0:00:50]} 44. Bxb5 {[%clk 0:02:22]} 44... Kxg4 { [%clk
0:01:13]} 45. Ke3 {[%clk 0:02:16]} 45... Bc5+ {[%clk 0:24:32]} 46. Ke4 { [%clk
0:29:41]} 46... f5+ {[%clk 0:15:17]} 47. Ke5 {[%clk 0:28:33]} 47... f4 { [%clk
0:14:58]} 48. Ke4 {[%clk 0:25:14]} 48... Kg3 49. Be2 {[%clk 0:25:14]} 49... g5
{[%clk 0:07:47]} 50. Kf5 {[%clk 0:25:21]} 50... Be7 {[%clk 0:07:41]} 51. Ke4
{[%clk 0:25:23]} 51... g4 {[%clk 0:07:41]} 52. Bd1 {[%clk 0:25:41]} 52... f3
{[%clk 0:07:07]} 53. Ke3 {[%clk 0:26:01]} 53... Bc5+ {[%clk 0:06:40]} 54. Kd2
{[%clk 0:25:59]} 54... f2 {[%clk 0:06:51]} 55. Be2 {[%clk 0:25:42]} 55... Kg2
0-1

[Event "DEM U18w 2019"]
[Site "Willingen GER"]
[Date "2019.06.09"]
[Round "2"]
[White "Tampe, Friederike"]
[Black "Kümmel, Tina"]
[Result "1-0"]
[Termination "normal"]
[Board "11"]
[WhiteElo "1512"]
[BlackElo "1446"]
[WhiteClock "00:07:05"]
[BlackClock "00:30:30"]
[PlyCount "78"]
[WhiteFideId "12973939"]
[BlackFideId "12979368"]
[EventCountry "GER"]
[EventRounds "9"]
[EventType "swiss"]
[EventDate "2019.06.08"]

1. e4 {[%clk 1:30:58]} 1... e6 {[%clk 1:30:54]} 2. d4 {[%clk 1:31:24]} 2... d5
{[%clk 1:31:21]} 3. Nc3 {[%clk 1:31:49]} 3... dxe4 {[%clk 1:28:43]} 4. Nxe4 {
[%clk 1:31:35]} 4... Nd7 5. Nf3 {[%clk 1:30:13]} 5... Ngf6 {[%clk 1:28:04]} 6.
Nxf6+ {[%clk 1:26:57]} 6... Nxf6 {[%clk 1:28:25]} 7. Bd3 {[%clk 1:27:19]} 7...
Be7 {[%clk 1:22:37]} 8. c3 {[%clk 1:16:49]} 8... O-O {[%clk 1:19:46]} 9. Qc2 {
[%clk 1:08:46]} 9... b6 {[%clk 1:16:20]} 10. h3 {[%clk 1:08:27]} 10... Bb7 {
[%clk 1:09:31]} 11. Rg1 11... c5 {[%clk 1:01:16]} 12. Be3 {[%clk 1:04:21]}
12... Rc8 {[%clk 0:56:01]} 13. O-O-O 13... c4 {[%clk 0:53:53]} 14. Be2 { [%clk
0:57:11]} 14... Be4 {[%clk 0:44:09]} 15. Qa4 15... Qc7 {[%clk 0:42:34]} 16. Ne5
{[%clk 0:44:46]} 16... Bd5 {[%clk 0:35:44]} 17. g4 17... Ne4 { [%clk 0:35:25]}
18. f3 {[%clk 0:32:54]} 18... Nd6 19. g5 {[%clk 0:32:23]} 19... b5 {[%clk
0:33:46]} 20. Qc2 {[%clk 0:28:53]} 20... a5 {[%clk 0:27:40]} 21. a3 21... Qb7
{[%clk 0:24:44]} 22. Qd2 {[%clk 0:27:30]} 22... Nf5 23. Bf4 { [%clk 0:25:44]}
23... b4 {[%clk 0:22:23]} 24. axb4 {[%clk 0:19:56]} 24... axb4 {[%clk 0:22:46]}
25. Qc2 {[%clk 0:19:53]} 25... b3 {[%clk 0:20:04]} 26. Qb1 26... Qb5 {[%clk
0:17:47]} 27. Kd2 {[%clk 0:19:04]} 27... Ra8 {[%clk 0:14:47]} 28. Ke1 {[%clk
0:18:18]} 28... Ra2 {[%clk 0:11:57]} 29. Kf2 {[%clk 0:17:19]} 29... Rfa8 {[%clk
0:09:54]} 30. Qc1 {[%clk 0:16:02]} 30... Bd6 {[%clk 0:05:34]} 31. Qd2 {[%clk
0:14:53]} 31... Ba3 {[%clk 0:03:43]} 32. Rb1 {[%clk 0:15:12]} 32... Bd6 {[%clk
0:03:58]} 33. Rh1 33... Bxe5 {[%clk 0:01:13]} 34. Bxe5 { [%clk 0:09:47]} 34...
Qc6 {[%clk 0:00:39]} 35. h4 {[%clk 0:09:38]} 35... Rd8 { [%clk 0:00:35]} 36. h5
{[%clk 0:08:57]} 36... Ne7 {[%clk 0:00:31]} 37. Qf4 { [%clk 0:08:14]} 37... Nf5
{[%clk 0:00:37]} 38. Qg4 {[%clk 0:07:58]} 38... Ra7 { [%clk 0:00:38]} 39. g6
{[%clk 0:07:05]} 39... h6 {[%clk 0:30:30]} 1-0

[Event "DEM U18w 2019"]
[Site "Willingen GER"]
[Date "2019.06.09"]
[Round "2"]
[White "Trams, Emma Joe"]
[Black "Gauchel, Verena"]
[Result "1-0"]
[Termination "normal"]
[Board "12"]
[WhiteElo "1418"]
[BlackElo "1534"]
[WhiteClock "00:18:20"]
[BlackClock "00:04:19"]
[PlyCount "71"]
[WhiteFideId "16206517"]
[BlackFideId "12988537"]
[EventCountry "GER"]
[EventRounds "9"]
[EventType "swiss"]
[EventDate "2019.06.08"]

1. e4 {[%clk 1:30:58]} 1... Nf6 {[%clk 1:30:56]} 2. Nc3 {[%clk 1:31:22]} 2...
d5 {[%clk 1:30:56]} 3. exd5 {[%clk 1:31:31]} 3... Nxd5 {[%clk 1:31:16]} 4. Nxd5
{[%clk 1:31:47]} 4... Qxd5 5. Nf3 {[%clk 1:31:52]} 5... g6 {[%clk 1:28:53]} 6.
Be2 {[%clk 1:30:36]} 6... Bg7 {[%clk 1:27:56]} 7. O-O {[%clk 1:30:13]} 7... O-O
{[%clk 1:24:12]} 8. c3 {[%clk 1:29:17]} 8... b6 {[%clk 0:52:58]} 9. d4 { [%clk
1:28:09]} 9... Bb7 {[%clk 0:51:49]} 10. Bf4 {[%clk 1:27:27]} 10... c5 { [%clk
0:46:06]} 11. dxc5 {[%clk 1:26:14]} 11... Qxc5 {[%clk 0:45:54]} 12. Qc1 12...
Rd8 {[%clk 0:38:06]} 13. Bh6 {[%clk 1:23:32]} 13... Nd7 {[%clk 0:35:49]} 14.
Bxg7 {[%clk 1:22:07]} 14... Kxg7 {[%clk 0:36:13]} 15. Qf4 e5 16. Qg3 { [%clk
1:18:58]} 16... e4 {[%clk 0:19:39]} 17. Nd4 {[%clk 1:18:28]} 17... Nf6 { [%clk
0:19:30]} 18. Rfe1 {[%clk 1:16:00]} 18... a6 {[%clk 0:18:20]} 19. a3 { [%clk
1:07:32]} 19... Re8 {[%clk 0:17:22]} 20. Bd1 {[%clk 1:06:15]} 20... Re7 { [%clk
0:16:10]} 21. Bc2 {[%clk 1:04:53]} 21... Rae8 {[%clk 0:15:37]} 22. Kf1 { [%clk
1:03:58]} 22... a5 {[%clk 0:15:27]} 23. Rab1 {[%clk 0:51:53]} 23... Rc8 { [%clk
0:11:18]} 24. Rbc1 24... Kh8 {[%clk 0:10:20]} 25. Qh4 {[%clk 0:50:05]} 25...
Nd7 26. Bxe4 {[%clk 0:47:19]} 26... Ba6+ {[%clk 0:10:40]} 27. Kg1 { [%clk
0:47:05]} 27... Rce8 28. Nc2 28... Qc4 {[%clk 0:09:37]} 29. Rcd1 { [%clk
0:29:38]} 29... Nc5 {[%clk 0:08:28]} 30. Rd4 {[%clk 0:26:31]} 30... Qe6 { [%clk
0:07:26]} 31. h3 {[%clk 0:21:59]} 31... Qb3 {[%clk 0:05:59]} 32. Bd5 { [%clk
0:17:10]} 32... Rxe1+ {[%clk 0:05:59]} 33. Nxe1 {[%clk 0:17:20]} 33... Rxe1+
{[%clk 0:06:26]} 34. Kh2 {[%clk 0:17:44]} 34... Qxb2 {[%clk 0:05:16]} 35. Qf6+
{[%clk 0:18:02]} 35... Kg8 {[%clk 0:04:19]} 36. Qxf7+ {[%clk 0:18:20]} 1-0

[Event "DEM U18w 2019"]
[Site "Willingen GER"]
[Date "2019.06.09"]
[Round "2"]
[White "Schneider, Xenia"]
[Black "Gesell, Patricia"]
[Result "1-0"]
[Termination "normal"]
[Board "13"]
[WhiteElo "1364"]
[BlackElo "1046"]
[WhiteClock "00:24:52"]
[BlackClock "00:23:39"]
[PlyCount "65"]
[WhiteFideId "12911984"]
[BlackFideId "16286960"]
[EventCountry "GER"]
[EventRounds "9"]
[EventType "swiss"]
[EventDate "2019.06.08"]

1. e4 g6 2. Bc4 {[%clk 1:30:57]} 2... Bg7 {[%clk 1:30:44]} 3. Nf3 Nf6 4. Nc3 {
[%clk 1:27:55]} 4... O-O {[%clk 1:30:21]} 5. O-O {[%clk 1:27:40]} 5... Nc6 {
[%clk 1:29:09]} 6. d4 {[%clk 1:23:20]} 6... b6 {[%clk 1:29:01]} 7. e5 7... Ne8
{[%clk 1:27:10]} 8. Ng5 {[%clk 1:23:03]} 8... e6 {[%clk 1:22:11]} 9. f4 { [%clk
1:13:21]} 9... Bb7 {[%clk 1:18:52]} 10. f5 {[%clk 1:12:39]} 10... exf5 11. Rxf5
{[%clk 1:11:45]} 11... Na5 {[%clk 1:12:00]} 12. Bxf7+ {[%clk 1:11:51]} 12...
Rxf7 {[%clk 1:08:15]} 13. Rxf7 {[%clk 1:07:03]} 13... h6 {[%clk 1:04:18]} 14.
e6 {[%clk 0:59:18]} 14... dxe6 {[%clk 1:02:06]} 15. Nxe6 {[%clk 0:55:53]} 15...
Qd6 {[%clk 1:00:51]} 16. Rxg7+ {[%clk 0:55:53]} 16... Nxg7 { [%clk 0:55:26]}
17. Nf4 {[%clk 0:49:09]} 17... a6 {[%clk 0:51:26]} 18. Qd3 { [%clk 0:45:37]}
18... g5 {[%clk 0:50:52]} 19. Nfe2 Qc6 20. d5 {[%clk 0:44:55]} 20... Qc5+
{[%clk 0:50:21]} 21. Be3 {[%clk 0:44:52]} 21... Qe7 {[%clk 0:49:29]} 22. Bd4
{[%clk 0:44:52]} 22... Rd8 23. Qf3 {[%clk 0:36:53]} 23... Nc4 { [%clk 0:45:46]}
24. Bf6 {[%clk 0:35:18]} 24... Qc5+ {[%clk 0:45:24]} 25. Bd4 { [%clk 0:26:18]}
25... Qd6 {[%clk 0:38:21]} 26. Ne4 Bxd5 27. Nf6+ { [%clk 0:26:04]} 27... Kh8
{[%clk 0:37:24]} 28. Qh3 28... h5 {[%clk 0:29:34]} 29. Nxh5 {[%clk 0:25:36]}
29... Kg8 {[%clk 0:28:52]} 30. Nxg7 {[%clk 0:25:36]} 30... Qd7 {[%clk 0:25:59]}
31. Nf5 {[%clk 0:25:12]} 31... Kf7 {[%clk 0:24:42]} 32. Qh7+ {[%clk 0:24:33]}
32... Ke6 {[%clk 0:23:39]} 33. Qg6# {[%clk 0:24:52]} 1-0

[Event "DEM U18w 2019"]
[Site "Willingen GER"]
[Date "2019.06.10"]
[Round "3"]
[White "Nguyen, Ha Thanh"]
[Black "Schulze, Lara"]
[Result "1/2-1/2"]
[Termination "normal"]
[Board "1"]
[BlackTitle "WFM"]
[WhiteElo "1940"]
[BlackElo "2160"]
[WhiteClock "00:34:19"]
[BlackClock "00:01:02"]
[PlyCount "68"]
[WhiteFideId "12942154"]
[BlackFideId "12956830"]
[EventCountry "GER"]
[EventRounds "9"]
[EventType "swiss"]
[EventDate "2019.06.08"]

1. e4 c5 2. Nf3 d6 3. d4 cxd4 4. Nxd4 Nf6 5. Nc3 Nc6 6. Bg5 e6 7. Qd2 a6 8.
O-O-O Bd7 9. f4 Be7 10. Kb1 h6 11. Bh4 b5 12. a3 Qb6 13. f5 Qxd4 14. Qxd4 Nxd4
15. Rxd4 Bc6 16. Bxf6 Bxf6 17. Rxd6 Rc8 18. fxe6 Ke7 19. Rd2 fxe6 20. Bd3 Bxc3
21. bxc3 Rhf8 22. Kb2 Bb7 23. Re1 Rc5 24. Re3 Bc6 25. Rg3 g5 26. Kb3 a5 27. Re3
e5 28. Kb2 Bd7 29. Rg3 Be6 30. Re3 Rf4 31. Ree2 Bd7 32. Rf2 Be6 33. g3 Rxf2 34.
Rxf2 Bd7 1/2-1/2

[Event "DEM U18w 2019"]
[Site "Willingen GER"]
[Date "2019.06.10"]
[Round "3"]
[White "Ziegenfuß, Antonia"]
[Black "Kobald, Jacqueline"]
[Result "1-0"]
[Termination "normal"]
[Board "3"]
[WhiteElo "2111"]
[BlackElo "1839"]
[WhiteClock "00:15:22"]
[BlackClock "00:17:05"]
[PlyCount "53"]
[WhiteFideId "12962554"]
[BlackFideId "12988162"]
[EventCountry "GER"]
[EventRounds "9"]
[EventType "swiss"]
[EventDate "2019.06.08"]

1. d4 c5 2. d5 e5 3. c4 d6 4. e4 Be7 5. Nc3 a6 6. Bd3 Bg5 7. Nge2 Bxc1 8. Qxc1
Ne7 9. O-O O-O 10. a3 f5 11. f4 Ng6 12. exf5 Bxf5 13. Bxf5 Rxf5 14. Qc2 Rf7 15.
f5 Ne7 16. Ng3 Nd7 17. Nce4 Nf6 18. Ng5 b5 19. Nxf7 Kxf7 20. b3 Qd7 21. Ne4
Nxe4 22. Qxe4 Ng8 23. f6 Nxf6 24. Rxf6+ Kxf6 25. Rf1+ Ke7 26. Qh4+ Ke8 27. Qxh7
1-0

[Event "DEM U18w 2019"]
[Site "Willingen GER"]
[Date "2019.06.10"]
[Round "3"]
[White "Kadach, Maria"]
[Black "Möller, Lisa-Marie"]
[Result "0-1"]
[Termination "normal"]
[Board "4"]
[WhiteElo "1460"]
[BlackElo "1900"]
[WhiteClock "00:22:14"]
[BlackClock "00:31:31"]
[PlyCount "112"]
[WhiteFideId "16261798"]
[BlackFideId "12959367"]
[EventCountry "GER"]
[EventRounds "9"]
[EventType "swiss"]
[EventDate "2019.06.08"]

1. d4 c5 2. d5 Nf6 3. Nc3 d6 4. e4 g6 5. Nf3 Bg4 6. Be2 Bxf3 7. Bxf3 Bg7 8. O-O
Nbd7 9. Bf4 O-O 10. Re1 Ne8 11. Qd2 Nc7 12. a4 a6 13. a5 Re8 14. h3 Rb8 15. Ra2
b5 16. axb6 Rxb6 17. Na4 Rb4 18. b3 Qb8 19. Qc1 c4 20. bxc4 Rxc4 21. Nb2 Rb4
22. c3 Rb3 23. Bd2 Nc5 24. Qc2 Nb5 25. Na4 Na3 26. Rxa3 Rxa3 27. Nxc5 dxc5 28.
Rb1 Qc7 29. Qb2 Ra5 30. Be2 c4 31. Qc2 Rb5 32. Ra1 a5 33. Qa4 Reb8 34. Bxc4
Rb1+ 35. Bf1 Rxa1 36. Qxa1 Rc8 37. Qa3 Bxc3 38. Bxc3 Qxc3 39. Qxe7 Qc7 40. Qxc7
Rxc7 41. d6 Rc1 42. f4 Kf8 43. Kf2 Rxf1+ 44. Kxf1 a4 45. e5 a3 46. Kf2 a2 47.
Kg3 a1=Q 48. Kh2 Qc1 49. Kg3 Qe3+ 50. Kg4 h5+ 51. Kg5 Qg3+ 52. Kh6 Qxf4+ 53.
Kh7 Qxe5 54. Kh6 Qxd6 55. Kh7 g5 56. g4 Qg6+ 0-1

[Event "DEM U18w 2019"]
[Site "Willingen GER"]
[Date "2019.06.10"]
[Round "3"]
[White "Poetsch, Leonore"]
[Black "Ratay, Meike"]
[Result "0-1"]
[Termination "normal"]
[Board "5"]
[WhiteElo "1953"]
[BlackElo "1991"]
[WhiteClock "01:04:17"]
[BlackClock "00:50:51"]
[PlyCount "42"]
[WhiteFideId "12940372"]
[BlackFideId "12977608"]
[EventCountry "GER"]
[EventRounds "9"]
[EventType "swiss"]
[EventDate "2019.06.08"]

1. e4 c5 2. Nf3 d6 3. d4 Nf6 4. Nc3 cxd4 5. Nxd4 a6 6. Bg5 Nbd7 7. Qf3 h6 8.
Bxf6 Nxf6 9. O-O-O Bg4 10. Qd3 Bxd1 11. Qxd1 Qc7 12. Bd3 e6 13. f4 Be7 14. g4
O-O-O 15. Qf3 d5 16. e5 Nd7 17. Re1 Bb4 18. Nde2 d4 19. Nxd4 Bxc3 20. bxc3 Qxc3
21. Qf2 Nc5 0-1

[Event "DEM U18w 2019"]
[Site "Willingen GER"]
[Date "2019.06.10"]
[Round "3"]
[White "Köhler, Inken"]
[Black "Tampe, Friederike"]
[Result "1-0"]
[Termination "normal"]
[Board "6"]
[WhiteElo "1979"]
[BlackElo "1512"]
[WhiteClock "00:06:29"]
[BlackClock "00:16:14"]
[PlyCount "129"]
[WhiteFideId "12929301"]
[BlackFideId "12973939"]
[EventCountry "GER"]
[EventRounds "9"]
[EventType "swiss"]
[EventDate "2019.06.08"]

1. e4 e5 2. Nf3 Nc6 3. d4 exd4 4. Nxd4 Nf6 5. Nxc6 bxc6 6. Qe2 Bc5 7. Nc3 O-O
8. g3 d6 9. Bg2 Re8 10. O-O Bg4 11. Qa6 Bd7 12. Qd3 Ng4 13. Na4 Ne5 14. Qc3 Bb6
15. b3 Qe7 16. Bb2 f6 17. Qd2 Rad8 18. c4 Be6 19. Ba3 Qd7 20. Qc3 Bh3 21. Rad1
Qg4 22. Rfe1 Ba5 23. b4 Bb6 24. Nxb6 cxb6 25. f4 Nf7 26. Bf3 Qe6 27. Bb2 c5 28.
b5 Re7 29. Bh5 Qc8 30. Qd3 Bg4 31. Bxg4 Qxg4 32. Kg2 Rde8 33. Re3 f5 34. Rde1
fxe4 35. Rxe4 Rxe4 36. Rxe4 Rxe4 37. Qxe4 Qc8 38. Qe7 Qd8 39. Qxa7 Qe8 40. Kf2
h6 41. Qb7 Qe6 42. Qa8+ Kh7 43. Qd5 Qh3 44. Kg1 Qg4 45. Qd3+ Kg8 46. Kg2 Qe6
47. Bc3 Qe8 48. Qg6 Qe2+ 49. Kh3 Ng5+ 50. fxg5 Qf1+ 51. Kh4 Qxc4+ 52. g4 hxg5+
53. Qxg5 Qxc3 54. Qd5+ Kh7 55. Qh5+ Kg8 56. Qd5+ Kh8 57. Qxd6 Qf6+ 58. Qxf6
gxf6 59. Kg3 Kg7 60. Kf3 Kf7 61. Ke4 Ke6 62. h4 Kf7 63. a4 Ke6 64. h5 Ke7 65.
Kd5 1-0

[Event "DEM U18w 2019"]
[Site "Willingen GER"]
[Date "2019.06.10"]
[Round "3"]
[White "Alferova, Ekaterina"]
[Black "Reitz, Theresa"]
[Result "1/2-1/2"]
[Termination "normal"]
[Board "7"]
[WhiteElo "1597"]
[BlackElo "1976"]
[WhiteClock "00:26:26"]
[BlackClock "00:26:37"]
[PlyCount "88"]
[WhiteFideId "16217250"]
[BlackFideId "12971901"]
[EventCountry "GER"]
[EventRounds "9"]
[EventType "swiss"]
[EventDate "2019.06.08"]

1. d4 Nf6 2. Bf4 g6 3. e3 Bg7 4. h3 d5 5. Nf3 O-O 6. Be2 c5 7. c3 b6 8. O-O Nc6
9. Nbd2 Bb7 10. Rc1 Nd7 11. Bh2 e5 12. dxe5 Ndxe5 13. Nxe5 Nxe5 14. Nf3 Nc4 15.
Qc2 Qe7 16. Rfd1 Rfd8 17. Bf4 h6 18. Bh2 Rac8 19. Bf4 Nd6 20. Qd3 Ne4 21. Qb1
Bc6 22. Qd3 b5 23. a3 a6 24. Qb1 f5 25. Bh2 Kh8 26. Bf4 Nf6 27. Ne5 Qe8 28.
Nxc6 Rxc6 29. Bf3 Ne4 30. Qc2 Rcc8 31. Qb3 Qc6 32. Qc2 Qe6 33. Qb3 Qc6 34. Qc2
Kh7 35. Kf1 Qe6 36. Qe2 Be5 37. Bxe5 Qxe5 38. Kg1 Ng5 39. Rd2 Rc7 40. Rcd1 Rcd7
41. h4 Ne4 42. Bxe4 Qxe4 43. g3 Re7 44. Qd3 Qe6 1/2-1/2

[Event "DEM U18w 2019"]
[Site "Willingen GER"]
[Date "2019.06.10"]
[Round "3"]
[White "Browning, Rebecca"]
[Black "Schneider, Xenia"]
[Result "1-0"]
[Termination "normal"]
[Board "9"]
[WhiteElo "1923"]
[BlackElo "1364"]
[WhiteClock "01:26:00"]
[BlackClock "00:30:08"]
[PlyCount "91"]
[WhiteFideId "12984027"]
[BlackFideId "12911984"]
[EventCountry "GER"]
[EventRounds "9"]
[EventType "swiss"]
[EventDate "2019.06.08"]

1. e4 c6 2. Nf3 d5 3. exd5 cxd5 4. Ne5 Nc6 5. d4 Bf5 6. c3 Qb6 7. Qf3 e6 8. Bd3
Nge7 9. Nxc6 bxc6 10. O-O Bxd3 11. Qxd3 Nf5 12. Nd2 Be7 13. Nf3 O-O 14. Ne5 c5
15. Nd7 Qd8 16. Nxf8 Bxf8 17. dxc5 Bxc5 18. Kh1 Qh4 19. Qf3 Bd6 20. g3 Qh3 21.
Qg2 Qg4 22. Bd2 Rb8 23. b4 h5 24. a4 h4 25. f3 Qc4 26. g4 Ne7 27. Qf2 Ng6 28.
Qxa7 Qe2 29. Qf2 Qc4 30. a5 f6 31. Rfe1 Kf7 32. Qe2 Qc8 33. a6 Qd7 34. b5 Bc5
35. Be3 Bxe3 36. Qxe3 e5 37. a7 Ra8 38. b6 Qb7 39. Qc5 Rc8 40. Qxc8 Qxc8 41.
a8=Q Qxc3 42. Qxd5+ Kf8 43. Ra8+ Ke7 44. Ra7+ Ke8 45. Qa8+ Qc8 46. Qxc8# 1-0

[Event "DEM U18w 2019"]
[Site "Willingen GER"]
[Date "2019.06.10"]
[Round "3"]
[White "Fock, Sana"]
[Black "Mundt, Alexandra"]
[Result "1-0"]
[Termination "normal"]
[Board "10"]
[WhiteElo "1796"]
[BlackElo "1799"]
[WhiteClock "00:05:53"]
[BlackClock "00:22:36"]
[PlyCount "67"]
[WhiteFideId "12981966"]
[BlackFideId "16217276"]
[EventCountry "GER"]
[EventRounds "9"]
[EventType "swiss"]
[EventDate "2019.06.08"]

1. e4 e5 2. Nc3 Nf6 3. Bc4 Nc6 4. d3 Bb4 5. Nge2 d6 6. O-O Be6 7. Bxe6 fxe6 8.
Bg5 Qe7 9. a3 Bxc3 10. Nxc3 O-O-O 11. b4 h6 12. Be3 g5 13. b5 Nd4 14. a4 g4 15.
Na2 d5 16. c3 dxe4 17. cxd4 exd4 18. Bc1 exd3 19. Qxd3 e5 20. Ba3 Qe6 21. Rfc1
Rhe8 22. a5 e4 23. Qc2 Rd7 24. b6 axb6 25. axb6 Nd5 26. Bc5 d3 27. Nb4 Rdd8 28.
Ra8+ Kd7 29. Qa4+ c6 30. Qa7 Rg8 31. Qxb7+ Ke8 32. Nxd5 cxd5 33. Rxd8+ Kxd8 34.
Ra1 1-0